[Event "World Cup"]
[Site "Khanty-Mansiysk RUS"]
[Date "2007.11.24"]
[Round "1.1"]
[White "Motylev,A"]
[Black "Savchenko,B"]
[Result "1-0"]
[WhiteElo "2645"]
[BlackElo "2583"]

1.e4 c5 2.Nf3 d6 3.d4 Nf6 4.Nc3 cxd4 5.Nxd4 g6 6.Be3 Bg7 7.f3 Nc6 8.Qd2 O-O
9.Bc4 Qc7 10.Bb3 Nxd4 11.Bxd4 Be6 12.O-O-O Bxb3 13.cxb3 e6 14.Kb1 Qe7 15.Qf2 b6
16.Rd3 Rad8 17.Rhd1 Rd7 18.g4 Rfd8 19.h4 d5 20.e5 Ne8 21.f4 f6 22.Rf3 Nc7
23.g5 f5 24.a3 h5 25.gxh6 Bxh6 26.h5 g5 27.fxg5 Bxg5 28.Rg1 Kh8 29.Rxf5 Qh7
30.Rxg5 Rg7 31.Ka2 exf5 32.e6 Nxe6 33.Rxg7 Nxg7 34.Qh4 Rd7 35.h6 Kg8 36.Qg5 f4
37.Nxd5 Qf5 38.Nf6+ Kf7 39.Qxg7+  1-0

[Event "World Cup"]
[Site "Khanty-Mansiysk RUS"]
[Date "2007.11.27"]
[Round "2.1"]
[White "Bu Xiangzhi"]
[Black "Motylev,A"]
[Result "1/2-1/2"]
[WhiteElo "2692"]
[BlackElo "2645"]

1.Nf3 Nf6 2.c4 e6 3.Nc3 d5 4.d4 c6 5.Bg5 h6 6.Bxf6 Qxf6 7.e3 Nd7 8.Bd3 dxc4
9.Bxc4 g6 10.O-O Bg7 11.Qc2 O-O 12.Ne4 Qe7 13.Bb3 e5 14.Nc3 Kh7 15.Rad1 f5
16.d5 e4 17.Nd4 Ne5 18.Nce2 Nd3 19.dxc6 bxc6 20.Qxc6 Bb7 21.Qe6 Rfe8 22.Qxe7 Rxe7
23.Nc1 Bxd4 24.exd4 Nxb2 25.Rd2 Nd3 26.Nxd3 exd3 27.Bc4 Rd8 28.Rxd3 Rc7 29.Re3 Rxd4  1/2-1/2

[Event "World Cup"]
[Site "Khanty-Mansiysk RUS"]
[Date "2007.11.28"]
[Round "2.2"]
[White "Motylev,A"]
[Black "Bu Xiangzhi"]
[Result "1/2-1/2"]
[WhiteElo "2645"]
[BlackElo "2692"]

1.e4 c5 2.Nf3 d6 3.d4 cxd4 4.Nxd4 Nf6 5.Nc3 a6 6.Be3 e5 7.Nb3 Be7 8.f3 Be6
9.Qd2 O-O 10.O-O-O Nbd7 11.g4 b5 12.g5 b4 13.Ne2 Ne8 14.f4 a5 15.f5 a4 16.Nbd4 exd4
17.Nxd4 b3 18.Kb1 bxc2+ 19.Nxc2 Bxa2+ 20.Kxa2 Ne5 21.Nb4 Qb8 22.Qc3 Nc7 23.Bf4 Rc8
24.Bxe5 Nb5 25.Qd3 dxe5 26.Qxb5 Bxb4 27.Qxb8 Raxb8 28.Bd3 a3 29.bxa3 Ra8
30.a4 Be7 31.Kb3 Bxg5 32.Bb5 Be3  1/2-1/2

[Event "World Cup"]
[Site "Khanty-Mansiysk RUS"]
[Date "2007.11.29"]
[Round "2.5"]
[White "Bu Xiangzhi"]
[Black "Motylev,A"]
[Result "1/2-1/2"]
[WhiteElo "2692"]
[BlackElo "2645"]

1.d4 d5 2.c4 c6 3.Nf3 Nf6 4.e3 Bf5 5.Nc3 e6 6.Nh4 Bg6 7.Nxg6 hxg6 8.Bd2 Nbd7
9.g3 Bd6 10.b3 e5 11.cxd5 Nxd5 12.Bg2 Nxc3 13.Bxc3 exd4 14.Qxd4 Be5 15.Qe4 Qe7
16.Bxe5 Qxe5 17.Qxe5+ Nxe5 18.Ke2 Ke7 19.f4 Nd7 20.Rac1 Rh5 21.Rc4 Ra5 22.Rc2 g5
23.Rd1 Rh8 24.h3 gxf4 25.exf4 g5 26.Kf2 Nb6 27.Re2+ Kf6 28.Rd6+ Kg7 29.fxg5 Rf5+
30.Kg1 Rxg5 31.g4 Rg6 32.Rxg6+ Kxg6 33.Re7 Rb8 34.Kf2 Kf6 35.Re2 Rd8 36.h4 Rd4
37.g5+ Kf5 38.Re7 Rxh4 39.Rxf7+ Kxg5 40.Rxb7 c5 41.Rg7+ Kf6 42.Rxa7 Ke5 43.Rb7 Nd5
44.a4 Nb4 45.Bf1 Rf4+ 46.Kg2 Rf8 47.Rd7 Nc2 48.Bb5 Ne3+ 49.Kg3 Nf5+ 50.Kg4 Rg8+
51.Kf3 Nd4+ 52.Kf2 Nxb5 53.axb5 Rb8 54.Ke3 Rxb5 55.Rd3 Rb4  1/2-1/2

[Event "World Cup"]
[Site "Khanty-Mansiysk RUS"]
[Date "2007.11.29"]
[Round "2.6"]
[White "Motylev,A"]
[Black "Bu Xiangzhi"]
[Result "0-1"]
[WhiteElo "2645"]
[BlackElo "2692"]

1.e4 c5 2.Nf3 Nc6 3.d4 cxd4 4.Nxd4 g6 5.Nc3 Bg7 6.Be3 Nf6 7.Bc4 O-O 8.Bb3 d6
9.f3 Bd7 10.Qd2 Na5 11.O-O-O Nxb3+ 12.cxb3 Qa5 13.Kb1 Rfc8 14.g4 Rab8 15.h4 b5
16.h5 b4 17.Nce2 Rc7 18.hxg6 fxg6 19.g5 Nh5 20.Rc1 Rbc8 21.Rxc7 Rxc7 22.Nc2 Rb7
23.Rc1 Qe5 24.Bd4 Qh2 25.Bxg7 Kxg7 26.Qd4+ Qe5 27.Qxe5+ dxe5 28.Ne3 Bb5 29.Nc4 Rd7
30.Kc2 Nf4 31.Nxf4 exf4 32.Ra1 Rc7 33.Kd3 Rd7+ 34.Kc2 Rc7 35.Kd3 h6 36.gxh6+ Kxh6
37.Kd4 Kg5 38.Ke5 Rc5+ 39.Kd4 Rc8 40.Ke5 Bxc4 41.Rg1+ Kh6 42.Rc1 Ba6  0-1

[Event "World Cup"]
[Site "Khanty-Mansiysk RUS"]
[Date "2007.11.29"]
[Round "2.4"]
[White "Motylev,A"]
[Black "Bu Xiangzhi"]
[Result "1/2-1/2"]
[WhiteElo "2645"]
[BlackElo "2692"]

1.e4 c5 2.Nf3 d6 3.d4 cxd4 4.Nxd4 Nf6 5.Nc3 a6 6.Be3 e5 7.Nb3 Be7 8.Qd2 O-O
9.O-O-O Ng4 10.Nd5 Nxe3 11.fxe3 Nc6 12.g3 Be6 13.h4 Re8 14.Bh3 Bf8 15.Kb1 b5
16.Qe2 Rb8 17.Nd2 Ne7 18.Qf3 Qd7 19.g4 Rec8 20.Nf1 b4 21.Ng3 a5 22.Nf5 Bxd5
23.exd5 Nxf5 24.gxf5 f6 25.Qe4 Qc7 26.Bf1 Rb6 27.h5 h6 28.Rh4 Kf7 29.Bc4 Qd7
30.Qd3 Rc5 31.Rc1 Qb7 32.Bb3 Ke7 33.Rc4 Rbb5 34.e4 Rxc4 35.Bxc4 Rc5 36.c3 Rc7
37.cxb4 Qxb4 38.a3 Qb6 39.Ka2 Kd8 40.Rc3 Qd4 41.Qxd4 exd4 42.Rc2 d3 43.Bxd3 Rc5
44.Kb3 Rxc2 45.Bxc2 Kc7 46.Ka4 Be7 47.b3 Kb6 48.b4 axb4 49.Kxb4 Bd8 50.a4 Kb7
51.a5 Bc7 52.Kb5 Bb8 53.a6+  1/2-1/2

[Event "World Cup"]
[Site "Khanty-Mansiysk RUS"]
[Date "2007.11.29"]
[Round "2.3"]
[White "Bu Xiangzhi"]
[Black "Motylev,A"]
[Result "1/2-1/2"]
[WhiteElo "2692"]
[BlackElo "2645"]

1.d4 Nf6 2.c4 e6 3.Nc3 Bb4 4.Qc2 d5 5.a3 Bxc3+ 6.Qxc3 dxc4 7.Qxc4 b6 8.Nf3 Ba6
9.Qc2 Qd5 10.Bf4 O-O 11.Rc1 Rc8 12.g3 Qa5+ 13.Qd2 Qxd2+ 14.Nxd2 Bb7 15.Rg1 Nd5
16.e3 Nxf4 17.gxf4 Nd7 18.Nc4 a5 19.Bd3 g6 20.Ke2 Kf8 21.Rc2 Ke7 22.Ne5 Nxe5
23.fxe5 c5 24.dxc5 Rxc5 25.Rxc5 bxc5 26.Rc1 Rc8 27.Rc3 f6 28.exf6+ Kxf6 29.Bb5 g5
30.f3 Ke5 31.Kf2 Bd5 32.Kg3 Kd6 33.b4 axb4 34.axb4 e5 35.Ba6 Rc7 36.bxc5+ Rxc5
37.Rxc5 Kxc5 38.Kg4 h6 39.Be2 Kd6 40.Kh5 Ke7 41.Kg6 Bc6 42.Bd1 Bb7 43.e4 Bc6
44.Kxh6 Kf6 45.Kh7 Bd7 46.Be2 Be6 47.Kh6 Bf7 48.Bb5 Be6 49.Be8 Bc4 50.Bh5 Bb3
51.Bg4 Bc4 52.Bh5  1/2-1/2

[Event "4th Open A"]
[Site "Moscow RUS"]
[Date "2008.02.02"]
[Round "1"]
[White "Motylev,A"]
[Black "Potapov,P"]
[Result "1-0"]
[WhiteElo "2644"]
[BlackElo "2395"]

1.e4 c5 2.Nf3 Nc6 3.Bb5 g6 4.Bxc6 dxc6 5.d3 Bg7 6.h3 Nh6 7.a3 b6 8.O-O O-O
9.Re1 f6 10.Nbd2 Nf7 11.b4 cxb4 12.axb4 e5 13.Bb2 Qc7 14.c4 Rd8 15.d4 exd4
16.Bxd4 Be6 17.c5 bxc5 18.bxc5 Rd7 19.Ra4 Qd8 20.Qa1 Qe7 21.Nc4 Bxc4 22.Rxc4 Rb8
23.Ra4 Rb3 24.Qa2 Rb5 25.Ra6 Rb4 26.e5 fxe5 27.Bc3 Rb8 28.Rxc6 e4 29.Bxg7 Kxg7
30.Qc4 Re8 31.Nd4 Ne5 32.Qc3 Qf7 33.Rxe4 Kg8 34.Rd6 Rde7 35.f4 Nd7 36.Rxe7 Rxe7
37.c6  1-0

[Event "4th Open A"]
[Site "Moscow RUS"]
[Date "2008.02.06"]
[Round "5"]
[White "Motylev,A"]
[Black "Gasanov,E"]
[Result "1-0"]
[WhiteElo "2644"]
[BlackElo "2541"]

1.e4 e5 2.Nf3 Nc6 3.Bb5 a6 4.Bxc6 dxc6 5.O-O Bg4 6.h3 h5 7.d3 Qf6 8.Nbd2 Ne7
9.Re1 Ng6 10.d4 Nf4 11.hxg4 hxg4 12.g3 gxf3 13.Qxf3 Ne6 14.dxe5 Qxe5 15.Qf5 Rh5
16.Qxe5 Rxe5 17.Nf3 Rc5 18.c3 a5 19.Be3 Rb5 20.Re2 a4 21.Kg2 Rd8 22.Rh1 Rd3
23.Rc2 Rd8 24.Rh8 f6 25.e5 Kf7 26.exf6 gxf6 27.Rh4 a3 28.b3 Ra8 29.Nd4 Nxd4
30.Bxd4 c5 31.Be3 Rxb3 32.axb3 a2 33.Rc1 a1=Q 34.Rxa1 Rxa1 35.Rh7+ Bg7 36.Bh6 Kg6
37.Rxg7+ Kxh6 38.Rxc7 Rb1 39.Rxc5 Rxb3 40.Kh3 Kg6 41.Kg4 Rb1 42.f4 Re1 43.f5+ Kh6
44.Rc7 Re3 45.Kf4 Rd3 46.Rf7 Rxc3 47.Rxf6+ Kg7 48.Rb6 Rc7 49.g4 Kf7 50.Kg5 Kg7
51.Rb5 Kh7 52.Kh5 Kg7 53.g5 Kg8 54.g6 Kg7 55.Kg5 Rd7 56.f6+  1-0

[Event "4th Open A"]
[Site "Moscow RUS"]
[Date "2008.02.07"]
[Round "6"]
[White "Motylev,A"]
[Black "Savchenko,B"]
[Result "1-0"]
[WhiteElo "2644"]
[BlackElo "2589"]

1.e4 c5 2.Nf3 Nc6 3.d4 cxd4 4.Nxd4 e6 5.Nc3 Qc7 6.Be3 a6 7.Bd3 b5 8.O-O Bb7
9.Qe2 Nf6 10.f4 Nb4 11.a3 Nxd3 12.cxd3 d6 13.a4 b4 14.Na2 Qd7 15.Rac1 Qxa4
16.Rc7 Bc8 17.b3 Qa5 18.Rfc1 Bd7 19.Rb7 Qh5 20.Qxh5 Nxh5 21.Nxb4 a5 22.Nbc6 Nxf4
23.Bxf4 e5 24.Nb8  1-0

[Event "4th Open A"]
[Site "Moscow RUS"]
[Date "2008.02.08"]
[Round "7"]
[White "Volkov,Sergey1"]
[Black "Motylev,A"]
[Result "1/2-1/2"]
[WhiteElo "2623"]
[BlackElo "2644"]

1.d4 d5 2.c4 c6 3.Nc3 Nf6 4.e3 e6 5.Nf3 a6 6.b3 Bb4 7.Bd2 Nbd7 8.Bd3 O-O
9.O-O Bd6 10.Rc1 h6 11.h3 Re8 12.e4 dxc4 13.Bxc4 e5 14.d5 cxd5 15.Bxd5 Ba3
16.Rc2 Nb6 17.Bc1 Bb4 18.Bb2 Nbxd5 19.Nxd5 Nxd5 20.exd5 Bf5 21.Rc4 Bd6 22.Re1 f6
23.Nh4 Bh7 24.Qh5 Qd7 25.Rg4 Rac8 26.a4 Bc5 27.Rc1 g5 28.Qxh6 Qf7 29.Rxc5 Rxc5
30.f4 Qg7 31.fxg5 Qxh6 32.gxh6+ Kh8 33.d6 Rg8 34.Ba3 Rc3 35.Rb4 Rxh3 36.d7 Rd3
37.Rxb7 Be4 38.Rc7 Rd8 39.Be7 R8xd7 40.Bxf6+ Kh7 41.Rc8 Kxh6 42.b4 R3d6 43.Bxe5 Rd1+
44.Kh2 Kg5 45.Rc4 Rh7 46.Bg3 Bd5 47.Rf4 Rd2 48.Rf5+ Kg4 49.Rf4+ Kg5 50.Rf5+ Kg4
51.Rf4+  1/2-1/2

[Event "Aeroflot Open"]
[Site "Moscow RUS"]
[Date "2008.02.16"]
[Round "3"]
[White "Caruana,F"]
[Black "Motylev,A"]
[Result "0-1"]
[WhiteElo "2598"]
[BlackElo "2644"]

1.e4 c6 2.d4 d5 3.e5 Bf5 4.Nf3 e6 5.Be2 c5 6.Be3 cxd4 7.Nxd4 Ne7 8.c3 Nbc6
9.f4 g5 10.fxg5 Bg7 11.Nd2 Nxe5 12.Bb5+ N5c6 13.O-O O-O 14.Nxf5 Nxf5 15.Bc5 Qxg5
16.Nf3 Qh6 17.g4 Qg6 18.Kh1 Qxg4 19.Rg1 Qh5 20.Bxf8 Rxf8 21.Bd3 Ne3 22.Qe2 Ng4
23.Rg3 Kh8 24.Qg2 f5 25.Be2 Qh6 26.Re1 e5 27.Bd1 Bf6 28.Rg1 Ne7 29.Nd2 Ne3
30.Qf3 Nxd1 31.Qxd1 e4 32.Nb3 f4 33.Rg4 f3 34.Nc5 Be5 35.h4 f2 36.Rf1 Qe3  0-1

[Event "Aeroflot Open"]
[Site "Moscow RUS"]
[Date "2008.02.18"]
[Round "5"]
[White "Guseinov,G"]
[Black "Motylev,A"]
[Result "1/2-1/2"]
[WhiteElo "2617"]
[BlackElo "2644"]

1.e4 c6 2.d4 d5 3.Nd2 dxe4 4.Nxe4 Bf5 5.Ng3 Bg6 6.h4 h6 7.Nf3 Nd7 8.h5 Bh7
9.Bd3 Bxd3 10.Qxd3 e6 11.Bd2 Ngf6 12.O-O-O Be7 13.Qe2  1/2-1/2

[Event "Aeroflot Open"]
[Site "Moscow RUS"]
[Date "2008.02.19"]
[Round "6"]
[White "Motylev,A"]
[Black "Grachev,B"]
[Result "1/2-1/2"]
[WhiteElo "2644"]
[BlackElo "2601"]

1.e4 c5 2.Nf3 e6 3.d4 cxd4 4.Nxd4 Nc6 5.Nc3 Qc7 6.Be3 Nf6 7.Ndb5 Qb8 8.f4 a6
9.e5 axb5 10.exf6 b4 11.Nb5 b6 12.fxg7 Bxg7 13.Bd3 O-O 14.O-O Ba6 15.Rf3 f5
16.Rg3 Kh8 17.Bf1 Bxb5 18.Bxb5 Ra7 19.Qd2 Bxb2 20.Bxc6 dxc6 21.Bd4+ Bxd4+
22.Qxd4+ e5 23.Qxb4 c5 24.Qb2 Ra4 25.Rf1 Rd4 26.fxe5 f4 27.Rgf3  1/2-1/2

[Event "Aeroflot Open"]
[Site "Moscow RUS"]
[Date "2008.02.20"]
[Round "7"]
[White "Nguyen Ngoc Truong Son"]
[Black "Motylev,A"]
[Result "0-1"]
[WhiteElo "2551"]
[BlackElo "2644"]

1.d4 d5 2.c4 c6 3.Nf3 Nf6 4.Nc3 e6 5.Bg5 h6 6.Bxf6 Qxf6 7.e3 Nd7 8.Bd3 dxc4
9.Bxc4 g6 10.O-O Bg7 11.Qc2 O-O 12.Rad1 Qe7 13.a3 Kh8 14.Rfe1 e5 15.Ba2 f5
16.d5 e4 17.Nd4 Ne5 18.Nce2 g5 19.dxc6 bxc6 20.Nxc6 Qc7 21.Ned4 Nd3 22.Re2 a5
23.Rb1 Bd7 24.b4 axb4 25.axb4 Rfc8 26.Bd5 Qd6 27.Qc4 Ne5 28.Nxe5 Bxe5 29.Qb3 Ba4
30.Nxf5 Qf6 31.Qa2 Bc6 32.Qc4 Bxd5 33.Qxd5 Qxf5 34.Rd2 Ra1 35.Rbd1 Rxd1+
36.Rxd1 Rf8 37.Rd2 Bc3 38.Qxf5 Rxf5 39.Rd8+ Kg7 40.Kf1 Re5 41.Rb8 Rd5 42.g4 Be5
43.Rb7+ Kg6 44.h3 Bf6 45.Rb6 Kf7 46.Rc6 Re5 47.Rc4 Bd8 48.b5 Bb6 49.Kg2 Re6
50.Kg3 Bd8 51.Rc2 Ke8 52.Rc8 Kd7 53.Ra8 Bc7+ 54.Kg2 Bb6 55.Kg3 Re5 56.Rh8 Bc7
57.Kg2 Re6 58.Ra8 Kd6 59.Rc8 Ba5 60.Kg3 Bc7 61.Kg2 Rf6 62.Kg1 Bb6 63.Kg2 Kd5
64.Rg8 Kc4 65.Re8 Kd5 66.Rg8 Kc4 67.Re8 Kd3 68.Rc8 Ba5 69.Kf1 Re6 70.Ra8 Bb6
71.Rc8 Kd2 72.Rc4 Kd3 73.Rc8 Rd6 74.Rc1 Rf6 75.Ra1 Kc3 76.Ke2 Re6 77.Rh1 Kc4
78.h4 Kxb5 79.h5 Bc5 80.Rd1 Kc6 81.Rd8 Be7 82.Ra8 Kd7 83.Ra7+ Ke8 84.Ra8+ Kf7
85.Ra4 Kf6 86.Kf1 Bf8 87.Ra5 Bg7 88.Ra7 Bf8 89.Ra5 Bb4 90.Rb5 Bd6 91.Ra5 Ke7
92.Ra7+ Kd8 93.Ra4 Kc7 94.Ra6 Kb7 95.Ra4 Kb6 96.Rc4 Bc5 97.Ra4 Kb5 98.Ra8 Kc4
99.Rc8 Rf6 100.Kg2 Rd6 101.Rc7 Ra6 102.Rc8 Kd5 103.Rd8+ Rd6 104.Re8 Bb4 105.Rc8 Rf6
106.Kf1 Rf8 107.Rc2 Ra8 108.Rc7 Ra1+ 109.Kg2 Be1 110.Rd7+ Ke6 111.Rh7 Ra2
112.Rxh6+ Kf7 113.Rh7+ Kf8 114.Rh8+ Kg7 115.Re8 Bxf2 116.Rxe4 Bxe3+ 117.Kf3 Bf4
118.Rb4 Ra3+ 119.Ke4 Re3+ 120.Kd5 Rd3+ 121.Ke6 Re3+ 122.Kd5 Re5+ 123.Kd4 Re7
124.Rb5 Kf7 125.Ra5 Re1 126.Ra6 Re6 127.Ra8 Kf6 128.Rf8+ Ke7 129.Ra8 Kf7
130.Kd5 Re5+ 131.Kd4 Re2 132.Kd5 Rd2+ 133.Ke4 Rd6 134.Ra7+ Kf6 135.Ra8 Rb6
136.Rf8+ Ke6 137.Re8+ Kf7 138.Ra8 Bd6 139.Rh8 Bf8  0-1

[Event "Aeroflot Open"]
[Site "Moscow RUS"]
[Date "2008.02.22"]
[Round "9"]
[White "Dreev,A"]
[Black "Motylev,A"]
[Result "1/2-1/2"]
[WhiteElo "2633"]
[BlackElo "2644"]

1.d4 d5 2.c4 c6 3.Nf3 Nf6 4.e3 Bf5 5.Nc3 e6 6.Nh4 Bg6 7.Nxg6 hxg6 8.g3 Nbd7
9.Bd2 Bb4 10.Qb3 Bxc3 11.Bxc3 Ne4 12.Bg2 Nxc3 13.bxc3 Qc7 14.Rb1 Rb8 15.Bf3  1/2-1/2

[Event "Bundesliga 2007-8"]
[Site "Muelheim GER"]
[Date "2008.03.08"]
[Round "10"]
[White "Kasimdzhanov,R"]
[Black "Motylev,A"]
[Result "1/2-1/2"]
[WhiteElo "2681"]
[BlackElo "2644"]

1.d4 d5 2.c4 c6 3.Nc3 Nf6 4.Nf3 e6 5.Bg5 h6 6.Bh4 dxc4 7.e4 g5 8.Bg3 b5 9.Be2 Bb7
10.O-O Nbd7 11.Ne5 h5 12.Nxd7 Qxd7 13.Qc1 Rg8 14.Rd1 Bb4 15.Qe3 Qe7 16.h3 h4
17.Be5 Nd7 18.Bh2 Nf6 19.a4 a6 20.Kh1 Bxc3 21.bxc3 g4 22.hxg4 Nxg4 23.Bxg4 Rxg4
24.f3 Rg6 25.Ra2 f6 26.Qf4 Qh7 27.d5 e5 28.Qe3 Rd8 29.Qb6 h3 30.axb5 cxb5
31.Qe6+ Kf8 32.g4 Qc7 33.Rxa6 Bxa6 34.Qxa6 b4 35.cxb4 c3 36.Rc1 c2 37.Bg1 Qc3
38.Qe2 Qxb4 39.Qxc2 Kg8 40.Rb1 Qa3 41.Rb3 Qa4 42.Kh2 Rg7 43.Kxh3 Rb7 44.Rb2 Qxc2
45.Rxc2 Rb3 46.Kg3 Ra8 47.Rc6 Ra4 48.Rxf6 Rxe4 49.Kh4  1/2-1/2

[Event "TCh-RUS"]
[Site "Dagomys RUS"]
[Date "2008.04.09"]
[Round "7"]
[White "Lastin,A"]
[Black "Motylev,A"]
[Result "1-0"]
[WhiteElo "2621"]
[BlackElo "2666"]

1.e4 c5 2.Nf3 d6 3.d4 cxd4 4.Nxd4 Nf6 5.Nc3 Nc6 6.Bg5 e6 7.Qd2 Nxd4 8.Qxd4 Be7
9.O-O-O O-O 10.f4 Qa5 11.h4 Rd8 12.Bd3 e5 13.Qf2 Be6 14.Kb1 exf4 15.Qxf4 Kf8
16.Rhf1 Rac8 17.Nd5 Nxd5 18.exd5 Bxg5 19.hxg5 Qxd5 20.b3 Qxg2 21.Bxh7 Qg4
22.Qd2 Rc5 23.Rde1 Ke7 24.Rg1 Qh4 25.Be4 b6 26.g6 Re5 27.gxf7 Bxf7 28.Rxg7 Rf8
29.Rh7 Qg3 30.Rhh1 Rg8 31.Bc6 Rxe1+ 32.Rxe1+ Kd8 33.Re3 Qg1+ 34.Kb2 Qg7+
35.Ka3 Qf8 36.Bd5 Bxd5 37.Qxd5 Kc7 38.Rf3  1-0

[Event "IX EICC"]
[Site "Plovdiv BUL"]
[Date "2008.04.21"]
[Round "1"]
[White "Tukhaev,A"]
[Black "Motylev,A"]
[Result "1/2-1/2"]
[WhiteElo "2512"]
[BlackElo "2666"]

1.e4 c6 2.d4 d5 3.e5 Bf5 4.Nf3 e6 5.Be2 Ne7 6.O-O Nc8 7.b3 Be7 8.c4 O-O 9.Ba3 Bxa3
10.Nxa3 Ne7 11.Nc2 dxc4 12.bxc4 c5 13.Bd3 cxd4 14.Ncxd4 Bxd3 15.Qxd3 Nbc6
16.Qe4 Nxd4 17.Nxd4 Qc7 18.Nb5 Qc6  1/2-1/2

[Event "IX EICC"]
[Site "Plovdiv BUL"]
[Date "2008.04.22"]
[Round "2"]
[White "Motylev,A"]
[Black "Carlsson,P"]
[Result "1-0"]
[WhiteElo "2666"]
[BlackElo "2514"]

1.e4 c5 2.Nf3 d6 3.d4 cxd4 4.Nxd4 Nf6 5.Nc3 g6 6.Be3 Bg7 7.f3 O-O 8.Bc4 Nc6
9.Bb3 Bd7 10.h4 h5 11.Qd2 Rc8 12.O-O-O Ne5 13.Bg5 Rc5 14.Kb1 Re8 15.g4 hxg4
16.f4 Nc4 17.Qe2 Qc8 18.f5 Na3+ 19.bxa3 Rxc3 20.fxg6 Rxb3+ 21.axb3 fxg6 22.Qd3 Nh5
23.Rhf1 Be5 24.Ne2 g3 25.Nf4 Bg4 26.Nxg6 Bxd1 27.Qxd1 g2 28.Rg1 Bg7 29.Qxh5 Qc3
30.e5 dxe5 31.Bh6 Bxh6 32.Rxg2  1-0

[Event "IX EICC"]
[Site "Plovdiv BUL"]
[Date "2008.04.23"]
[Round "3"]
[White "Halkias,S"]
[Black "Motylev,A"]
[Result "1/2-1/2"]
[WhiteElo "2585"]
[BlackElo "2666"]

1.d4 d5 2.c4 c6 3.Nf3 Nf6 4.Nc3 e6 5.Bg5 h6 6.Bh4 dxc4 7.e4 g5 8.Bg3 b5 9.Be2 Bb7
10.O-O Nbd7 11.Nd2 Qb6 12.a4 a6 13.e5 Nd5 14.Nde4 O-O-O 15.Qd2 c5 16.axb5 axb5
17.Nxd5 Bxd5 18.Nc3 Nb8 19.b3 cxb3 20.dxc5 Bxc5 21.Nxd5 Rxd5 22.Qc3 Rhd8
23.Qxb3  1/2-1/2

[Event "IX EICC"]
[Site "Plovdiv BUL"]
[Date "2008.04.25"]
[Round "5"]
[White "Lenic,L"]
[Black "Motylev,A"]
[Result "0-1"]
[WhiteElo "2584"]
[BlackElo "2666"]

1.d4 d5 2.c4 c6 3.Nf3 Nf6 4.e3 Bf5 5.Nc3 e6 6.Nh4 Bg6 7.Nxg6 hxg6 8.a3 Nbd7
9.g3 Be7 10.f4 dxc4 11.Bxc4 O-O 12.Ba2 c5 13.d5 exd5 14.Nxd5 b5 15.Nc3 Qb6
16.g4 b4 17.Nd5 Nxd5 18.Bxd5 Rad8 19.g5 bxa3 20.bxa3 c4 21.O-O Qc5 22.Bg2 Ne5
23.Qc2 Nd3 24.Bd2 Rb8 25.Be4 Rb2 26.Qc3 Rb3 27.Qc2 Rfb8 28.Rab1 Qxa3 29.Qxc4 Rxb1
30.Bxg6 Qb3 31.Bxf7+ Kf8 32.Qxb3 R8xb3 33.Bxb3 Rxb3 34.Ra1 Bc5 35.Kf1 Rb2
36.Ke2 Nf2 37.Ra4 Ng4 38.Kd3 Bb6 39.e4 Nxh2 40.f5 Ng4 41.Bc3 Nf2+ 42.Kc4 Rc2
43.Kb3 Re2 44.Rc4 Nxe4 45.Rc8+ Ke7 46.Bb4+ Kd7 47.Rg8 Kc6 48.Kc4 a5 49.Bxa5 Bxa5
50.Kd3 Ng3 51.f6 gxf6 52.gxf6 Rd2+ 53.Ke3 Nf5+ 54.Kf3 Nd6 55.Rf8 Bb6  0-1

[Event "IX EICC"]
[Site "Plovdiv BUL"]
[Date "2008.04.26"]
[Round "6"]
[White "Motylev,A"]
[Black "Macieja,B"]
[Result "1/2-1/2"]
[WhiteElo "2666"]
[BlackElo "2599"]

1.e4 c5 2.Nf3 Nc6 3.d4 cxd4 4.Nxd4 Nf6 5.Nc3 e6 6.Ndb5 Bb4 7.a3 Bxc3+ 8.Nxc3 d5
9.exd5 exd5 10.Bd3 O-O 11.O-O d4 12.Ne4 Bf5 13.Bg5 Bxe4 14.Bxe4 h6 15.Bxf6 Qxf6
16.Qf3 Qxf3 17.Bxf3 Ne5 18.Bxb7  1/2-1/2

[Event "IX EICC"]
[Site "Plovdiv BUL"]
[Date "2008.04.27"]
[Round "7"]
[White "Werle,J"]
[Black "Motylev,A"]
[Result "0-1"]
[WhiteElo "2581"]
[BlackElo "2666"]

1.d4 d5 2.c4 c6 3.Nc3 Nf6 4.Nf3 e6 5.Bg5 h6 6.Bh4 dxc4 7.e4 g5 8.Bg3 b5 9.Be2 Bb7
10.h4 g4 11.Ne5 h5 12.O-O Nbd7 13.Qc2 Nxe5 14.Bxe5 Bh6 15.b3 cxb3 16.axb3 O-O
17.g3 Ne8 18.d5 cxd5 19.exd5 Bg7 20.Bxg7 Nxg7 21.Bxb5 Rc8 22.Qd2 Rxc3  0-1

[Event "IX EICC"]
[Site "Plovdiv BUL"]
[Date "2008.04.29"]
[Round "8"]
[White "Motylev,A"]
[Black "Movsesian,S"]
[Result "1/2-1/2"]
[WhiteElo "2666"]
[BlackElo "2695"]

1.e4 c5 2.Nf3 d6 3.d4 cxd4 4.Nxd4 Nf6 5.Nc3 e6 6.Be3 Nc6 7.f3 Be7 8.Qd2 O-O
9.g4 Nd7 10.O-O-O Nxd4 11.Bxd4 Ne5 12.Qf2 Qa5 13.Kb1 Bd7 14.f4 Nc6 15.Be3 Rfc8
16.Bd2 Qc5 17.Be3 Qa5 18.Bd2 Qc5 19.Be3  1/2-1/2

[Event "IX EICC"]
[Site "Plovdiv BUL"]
[Date "2008.04.30"]
[Round "9"]
[White "Caruana,F"]
[Black "Motylev,A"]
[Result "1/2-1/2"]
[WhiteElo "2620"]
[BlackElo "2666"]

1.e4 e5 2.Nf3 Nf6 3.d4 Nxe4 4.Bd3 d5 5.Nxe5 Nd7 6.Nxd7 Bxd7 7.O-O Bd6 8.Qh5 Nf6
9.Re1+ Kf8 10.Qe2 Ng4 11.h3 Qh4 12.Qf3 Nf6 13.Nc3 c6 14.Ne2 Ne8 15.Bf4 Qf6
16.Bxd6+ Nxd6 17.Qxf6 gxf6 18.Ng3 h5 19.h4 Bg4 20.Re3 f5 21.Ne2 Bxe2 22.Rxe2 Kg7
23.Rae1 Kf6 24.Re7 Rae8 25.Rxe8 Nxe8 26.Re5 Nd6 27.g3 b5 28.Kg2 a5 29.f3 a4
30.Kf2 Rg8 31.a3 Rg7 32.Re1 Rg8 33.Re5 Rg7 34.Re1 Rg8 35.Re5  1/2-1/2

[Event "IX EICC"]
[Site "Plovdiv BUL"]
[Date "2008.05.01"]
[Round "10"]
[White "Motylev,A"]
[Black "Hracek,Z"]
[Result "1/2-1/2"]
[WhiteElo "2666"]
[BlackElo "2613"]

1.e4 c5 2.Nf3 Nc6 3.d4 cxd4 4.Nxd4 e6 5.Nc3 a6 6.f3 Qc7 7.Be3 Nf6 8.Qd2 b5
9.O-O-O Ne5 10.Kb1 b4 11.Na4 d5 12.Bf4 Bd6 13.exd5 Nxd5 14.Nf5 Bd7 15.Nxd6+  1/2-1/2

[Event "IX EICC"]
[Site "Plovdiv BUL"]
[Date "2008.05.02"]
[Round "11"]
[White "Nyback,T"]
[Black "Motylev,A"]
[Result "1-0"]
[WhiteElo "2587"]
[BlackElo "2666"]

1.d4 d5 2.c4 c6 3.Nc3 Nf6 4.e3 e6 5.Nf3 a6 6.Bd3 dxc4 7.Bxc4 c5 8.a4 cxd4
9.exd4 Nc6 10.O-O Be7 11.Re1 O-O 12.Bg5 h6 13.Be3 Nd5 14.Qd2 Nxe3 15.Qxe3 Qb6
16.Re2 Bd7 17.Rd1 Rad8 18.Qe4 Bf6 19.Bd3 g6 20.Bb1 Bg7 21.h4 e5 22.Nd5 Qa5
23.Nxe5 Bxe5 24.b4 Bf5 25.bxa5 Bxe4 26.Bxe4 Nxd4 27.Red2 f5 28.Bb1 Nc6 29.h5 Kg7
30.hxg6 Nxa5 31.Ne7 Rxd2 32.Rxd2 Nc6 33.Nxf5+ Kxg6 34.Rd7 Rd8 35.Ne3+ Kg5
36.Rxb7 Rb8 37.Rxb8 Bxb8 38.g3 Nd4 39.Kg2 Kf6 40.Kh3 Bd6 41.Kg4 Kg7 42.Nd5 a5
43.Bd3 Bb8 44.f4 Bd6 45.Kh5 Bb8 46.Ne3 Bd6 47.Ng4 Bb4 48.f5 Bd6 49.f6+ Kf8
50.Nxh6 Bxg3 51.Bc4 Bf4 52.Nf7 Nc6 53.Kg4 Ne5+ 54.Kxf4 Nxf7 55.Be6 Nd6 56.Ke5 Ne8
57.Bd7 Nc7 58.Kd6 Na6 59.Be6 Nb4 60.Kc5 Nc2 61.Kb6 Nd4 62.Bd5 Nf5 63.Kxa5 Nd6
64.Kb6 Ne8 65.a5 Nxf6 66.Bc6  1-0

[Event "TCh-CHN Torch Real Estate Cup"]
[Site "Jiangsu Wuxi CHN"]
[Date "2008.05.19"]
[Round "7"]
[White "Motylev,A"]
[Black "Ding Liren"]
[Result "1-0"]
[WhiteElo "2666"]
[BlackElo "2395"]

1.e4 e6 2.d4 d5 3.Nc3 dxe4 4.Nxe4 Nd7 5.Nf3 Ngf6 6.Nxf6+ Nxf6 7.Be3 Nd5 8.Bd2 c5
9.Bb5+ Bd7 10.Bxd7+ Qxd7 11.c4 Nb6 12.Rc1 Rc8 13.dxc5 Bxc5 14.b4 Be7 15.c5 Nd5
16.Ne5 Qc7 17.Qa4+ Kf8 18.Nc4 a6 19.O-O h5 20.Rfe1 h4 21.h3 Rh5 22.Qd1 g6
23.Qe2 Rd8 24.Ne5 Bf6 25.Ng4 Bg7 26.Rc4 Qc6 27.Ne3 Qb5 28.Nxd5 Rdxd5 29.Be3 Bf6
30.Qc2 Qc6 31.Bf4 Rhf5 32.Ree4 g5 33.Bd6+ Be7 34.Bxe7+ Kxe7 35.Red4 Qd7 36.Qd2 Rf4
37.Rxd5 Qxd5 38.Qxd5 exd5 39.Rxf4 gxf4 40.g3 fxg3 41.fxg3 hxg3 42.Kg2 d4
43.Kxg3 Ke6 44.h4 Kf5 45.Kf3 d3 46.a4  1-0

[Event "19th Czech Open Synthesia Rapid"]
[Site "Pardubice CZE"]
[Date "2008.07.17"]
[Round "8"]
[White "Najer,E"]
[Black "Motylev,A"]
[Result "1/2-1/2"]
[WhiteElo "2670"]
[BlackElo "2674"]

1.Nf3 d5 2.d4 Nf6 3.c4 c6 4.Nc3 e6 5.Bg5 h6 6.Bxf6 Qxf6 7.e3 Nd7 8.Bd3 dxc4
9.Bxc4 g6 10.O-O Bg7 11.Qe2 O-O 12.Rfd1 Qe7 13.Rac1 a6 14.Bb3 b6 15.e4 Bb7
16.e5 Rad8 17.Re1 b5 18.Ne4 c5 19.Nxc5 Nxc5 20.dxc5 Rc8 21.Qe3 Rfd8 22.Nd4 Ba8
23.a3 Rxc5 24.f4 Bf8 25.Rcd1 Rc7 26.Kf1 Rcd7 27.Nf3 Rxd1 28.Rxd1 Rxd1+ 29.Bxd1 Qc7
30.b4 Bd5 31.Nd4 Qc4+ 32.Be2 Qa2 33.Qc3 Qb1+ 34.Kf2 Qe4 35.g3 Qg2+ 36.Ke1 Qxh2
37.Qe3 Qh1+ 38.Kf2 Be7 39.Nf3 h5 40.Qa7 Kf8 41.Qb8+ Kg7 42.Qc7 Bxf3 43.Bxf3 Qh2+
44.Bg2 Bf8 45.Qd8 Kg8 46.Qh4 Be7  1/2-1/2

[Event "61st ch-RUS HL"]
[Site "Novokuznetsk RUS"]
[Date "2008.09.03"]
[Round "1"]
[White "Motylev,A"]
[Black "Kryakvin,D"]
[Result "1-0"]
[WhiteElo "2674"]
[BlackElo "2565"]

1.e4 e5 2.Nf3 Nc6 3.Bb5 a6 4.Bxc6 dxc6 5.O-O f6 6.d4 exd4 7.Nxd4 c5 8.Ne2 Qxd1
9.Rxd1 Bd7 10.Be3 O-O-O 11.Nbc3 Re8 12.Rd2 f5 13.Rad1 Nf6 14.Bg5 Bd6 15.Bxf6 gxf6
16.Ng3 f4 17.Nh5 Be6 18.Ng7 Re7 19.Nxe6 Rxe6 20.f3 Be5 21.Ne2 Re7 22.c3 Rg7
23.Kf2 Rhg8 24.Rg1 h5 25.g3 fxg3+ 26.hxg3 h4 27.f4 Bd6 28.Kf3 Rh7 29.Rh1 Rgh8
30.g4 h3 31.Ng3 c4 32.Nh5 Be7 33.Rxh3 c6 34.Rh1 Bd8 35.Rd6 Be7 36.Rdd1 Bd8
37.Rd4 b5 38.Rd6 Rc7 39.Rhd1 Be7 40.Re6 Rf8 41.f5 a5 42.e5 fxe5 43.f6 Bd8
44.g5 Rh7 45.Kg4 Rfh8 46.Ng7 Rh2 47.Rxe5 Rg2+ 48.Kf3 Rxb2 49.f7  1-0

[Event "61st ch-RUS HL"]
[Site "Novokuznetsk RUS"]
[Date "2008.09.04"]
[Round "2"]
[White "Khismatullin,D"]
[Black "Motylev,A"]
[Result "0-1"]
[WhiteElo "2613"]
[BlackElo "2674"]

1.d4 d5 2.c4 c6 3.Nf3 Nf6 4.e3 Bf5 5.Nc3 e6 6.Nh4 Bg6 7.Be2 dxc4 8.Nxg6 hxg6
9.Bxc4 Nbd7 10.Bd2 Qc7 11.g3 Nb6 12.Be2 e5 13.dxe5 Qxe5 14.Qc2 O-O-O 15.O-O-O Qe6
16.e4 Bb4 17.f3 Bxc3 18.bxc3 Qe7 19.Qb3 Qc5 20.Qxf7 Rd7 21.Qe6 Nbd5 22.Qe5 Rh5
23.Qd4 Nf4 24.Qxc5 Nxe2+ 25.Kb2 Rxc5 26.Rhe1 Rxd2+ 27.Rxd2 Nxc3 28.Re3 Na4+
29.Kb3 b5 30.Rd4 a5 31.Rd1 Kc7 32.h4 Nd7 33.a3 Rc4 34.Rde1 Ndc5+ 35.Ka2 Rc2+  0-1